000 00577nam a2200217 a 4500
001 80356
003 BD-RjUL
005 20220914123407.0
008 220914s2006 bg ||||| |||| 00| 0 eng d
035 _a(BD-RjUL)80356
040 _aBD-RjUL
_beng
_cBD-RjUL
041 _aeng
082 _223
_a658.872
_bPIN 2022
100 _aPilzer, Paul Zane
_94802
245 _aThe next millionaires /
_cPaul Zane Pilzer
260 _aDallas :
_bMomentum Media,
_c2006
300 _a122 pages ;
_c23 cm.
650 _aDirect selling
_94803
650 _aWealth
_94804
942 _2ddc
_cBK
999 _c80356
_d80356